000 00573nam a2200181Ia 4500
008 140529s9999 xx 000 0 und d
020 _a9781845284787
050 _aPE 1628
_b.K18 2012
100 _aKarjalainen, Jesse.
245 4 _aThe joy of English :
_b100 illuminating conversations about the English language /
_cJesse Karjalainen
260 _aOxford :
_bHow To Books,
_cc2012.
300 _a237 p. ;
_c21 cm.
500 _aIncludes index.
521 _aGE
650 _aEnglish language
_xTextbooks for foreign speakers.
942 _kFOR
_cBK
999 _c117713
_d117713